Der Rat für gengenseitige Wirtschaftshilfe 1949 bis 1987.Der dornige Weg von einer politischen zu einer wirtschaflichen Integration (Record no. 322)

MARC details
000 -LEADER
fixed length control field 00533nam a22001937i 4500
001 - CONTROL NUMBER
control field 326
003 - CONTROL NUMBER IDENTIFIER
control field OSt
005 - DATE AND TIME OF LATEST TRANSACTION
control field 20170126082242.0
007 - PHYSICAL DESCRIPTION FIXED FIELD--GENERAL INFORMATION
fixed length control field tu
008 - FIXED-LENGTH DATA ELEMENTS--GENERAL INFORMATION
fixed length control field 161220s1988 xxu||||| |||| 00| 0 d
024 7# - OTHER STANDARD IDENTIFIER
Standard number or code 325
Source of number or code RID
040 ## - CATALOGING SOURCE
Transcribing agency OSt
084 ## - OTHER CLASSIFICATION NUMBER
Classification number 11.45
-- 11.71
Number source z
100 1# - MAIN ENTRY--PERSONAL NAME
Personal name Zwass, Adam
245 00 - TITLE STATEMENT
Title Der Rat für gengenseitige Wirtschaftshilfe 1949 bis 1987.Der dornige Weg von einer politischen zu einer wirtschaflichen Integration
260 ## - PUBLICATION, DISTRIBUTION, ETC.
Place of publication, distribution, etc. Wien :
Name of publisher, distributor, etc. Springer,
Date of publication, distribution, etc. 1988.
300 ## - PHYSICAL DESCRIPTION
Extent 285 S. ;
Dimensions 21cm.
651 ## - SUBJECT ADDED ENTRY--GEOGRAPHIC NAME
Geographic name Eastern Europe
942 ## - ADDED ENTRY ELEMENTS (KOHA)
Koha item type Book
Holdings
Withdrawn status Lost status Damaged status Not for loan Home library Current library Shelving location Date acquired Inventory number Total Checkouts Full call number Barcode Date last seen Price effective from Koha item type
        WIIW WIIW Souterrain 06/16/1992 326   I-4.954 300324 01/26/2017 01/26/2017 Book
The Vienna Instiute for International Economic Studies (wiiw)